• 首页
  • 本馆介绍
  • 公告通知
  • 最新文献
  • 馆藏检索
  • 电子资源
  • 读者导购
  • 参考咨询
  • 我的图书馆
  • 登录
  • 详细信息显示
  • 放入我的书架
  • 预约/预借图书
  • 作者相关作品
  • 分类相关作品
  • 丛书相关作品
  • 出版社相关作品

书目信息

  • 表格格式
  • 工作单格式
  • 卡片格式
题名:
周佛海日记
    
 
作者: 周佛海 著
分册:  
出版信息: 上海   上海人民出版社  1984
页数: 288页
开本: 19cm
丛书名:
单 册:
中图分类: K827.6 , K265.2
科图分类:
主题词: 中国--历史
电子资源:
ISBN:
000 00635nam0 2200253 45
001 0184013068
005 20040517163754.4
010    @dCNY2.15
100    @a19950627d1984 em y0chiy0121 ea
101 0  @achi
102    @aCN@b310000
105    @ay z 000yd
106    @ar
200 10 @a周佛海日记@Azhou fu hai ri ji@f周佛海著
210    @a上海@c上海人民出版社@d1984
215    @a288页@d19cm
600  0 @a周佛海@x日记
606 0  @a中国@x历史
690    @aK827.6@v3
690    @aK265.2
701  0 @a周佛海@Azhou fu hai@4著
801  0 @aCN@b上海图书馆@c20040517
801  2 @aCN@bNLC@c20040517
905    @f1@b112914@dK265.2@e14
    
    周佛海日记/周佛海著.-上海:上海人民出版社,1984
    288页;19cm
    
    
    ISBN :CNY2.15
    
●
相关链接 在E读中查询图书 在五车中查询图书 在当当中查询图书 在豆瓣中查询图书


正题名:周佛海日记     索取号:K265.2/14         预约/预借

序号 登录号 条形码 馆藏地/架位号 状态 备注
1 0112914   000355537   第二借阅区/ [索取号:K265.2/14] 在馆    
2 0112915   000355546   第二样本阅览室/ [索取号:K265.2/14] 在馆    
唐山师范学院图书馆 欢迎您!
大连网信软件有限公司© 版权所有